| 000 | 00445nam a22001697a 4500 | ||
|---|---|---|---|
| 005 | 20250419150452.0 | ||
| 008 | 250419b |||||||| |||| 00| 0 eng d | ||
| 020 | _a9781647260453 | ||
| 040 |
_aSDCL _cSDCL |
||
| 041 |
_2eng _aeng |
||
| 084 | _aX:54 R0 | ||
| 100 |
_aColeman, Alyssa _9752493 |
||
| 245 | _aUnderstanding international trade | ||
| 260 |
_aNew York : _bClanrye International, _c2020. |
||
| 300 | _a185p. | ||
| 942 |
_2CC _cTEXL _n0 |
||
| 999 |
_c1309221 _d1309221 |
||